MKP: félig üres a pohár? az országos támogatottságot tekintve a párt helyzete nem romlott, de nem is javult

Bibliographic Details
Main Author: Tokár, Géza (Author)
Format: Article
Language:Hungarian
ISSN:1335-7050
Subjects:

MARC

LEADER 00000nab a2200000 ar4500
001 vtls010271240
003 SK-MaSNL
005 20260318133120.0
008 110414c20110412xo |||||||| 000 b|hun
015 |a SNBRB2011/04  |2 snkbucl 
038 |a SNKBUCL 
040 |a DSZK  |b slo  |c DSZK  |e AACR2 
041 0 |a hun 
044 |a xo  |c SK 
080 |a 329.4  |x (437.6)  |x (=511.141)  |b SMK  |2 2001 
100 1 |a Tokár, Géza  |4 aut  |9 871056 
245 1 0 |a MKP: félig üres a pohár?  |b az országos támogatottságot tekintve a párt helyzete nem romlott, de nem is javult  |c Tokár Géza 
246 3 |a Magyar Koalíció Pártja: félig üres a pohár? 
610 2 7 |a Strana maďarskej koalície - Magyar Koalíció Pártja  |2 snkbucl  |9 229268 
655 7 |a názory  |2 snkbucl  |9 314429 
773 0 |t Új szó  |g Évf. 64, sz. 85 (12.4.2011), o. 7  |x 1335-7050 
852 |a SNK  |b KIS3GCP 
852 |a DSZK  |b KIS3GCP 
958 |a HU 
958 |a SK 
999 |c 2099377  |d 2101307